Formulace cílů podniku návod, který Vám pomůže koncentrovat síly podniku
Guardado en:
| Autor principal: | |
|---|---|
| Formato: | Libro |
| Lenguaje: | checo |
| Publicado: |
Praha
BaBtext
1992
|
| Edición: | 1. vyd. |
| Materias: | |
| Etiquetas: |
Sin Etiquetas, Sea el primero en etiquetar este registro!
|
MARC
| LEADER | 00000nam a2200000 4500 | ||
|---|---|---|---|
| 001 | c000959 | ||
| 005 | 20221214085620.2 | ||
| 020 | |a 80-900178-1-9 | ||
| 041 | 0 | |a cze | |
| 044 | |a CZ | ||
| 245 | 1 | 0 | |a Formulace cílů podniku |b návod, který Vám pomůže koncentrovat síly podniku |c Werner Siegert |
| 250 | |a 1. vyd. | ||
| 264 | 1 | |a Praha |b BaBtext |c 1992 | |
| 300 | |a 31 s. | ||
| 610 | 2 | 0 | |a ciele podnikové |
| 610 | 2 | 0 | |a pojmy |
| 610 | 2 | 0 | |a funkcie podniku |
| 610 | 2 | 0 | |a trh |
| 610 | 2 | 0 | |a stratégia podniková |
| 610 | 2 | 0 | |a prognózy |
| 610 | 2 | 0 | |a podnik |
| 610 | 2 | 0 | |a filozofia |
| 100 | 1 | |a Siegert, Werner | |